HOW TO TURN DOWN A BILLION DOLLARS THE S (Record no. 32284)

MARC details
000 -LEADER
fixed length control field 00351nam a2200133Ia 4500
008 - FIXED-LENGTH DATA ELEMENTS--GENERAL INFORMATION
fixed length control field 240624s9999 xx 000 0 und d
041 ## - LANGUAGE CODE
Language code of text/sound track or separate title eng
082 ## - DEWEY DECIMAL CLASSIFICATION NUMBER
Classification number 384.3 GAL
100 ## - MAIN ENTRY--PERSONAL NAME
Personal name GALLAGHER BILLY
245 ## - TITLE STATEMENT
Title HOW TO TURN DOWN A BILLION DOLLARS THE S
260 ## - PUBLICATION, DISTRIBUTION, ETC.
Date of publication, distribution, etc. 2018
Place of publication, distribution, etc. New York
Name of publisher, distributor, etc. St. Martin's Press
300 ## - PHYSICAL DESCRIPTION
Extent xi, 287 p.; 23 cm.
365 ## - TRADE PRICE
Currency code
Price amount 33
Holdings
Withdrawn status Lost status Damaged status Not for loan Home library Current library Shelving location Date acquired Total Checkouts Full call number Barcode Date last seen Date last checked out Copy number Price effective from Koha item type
        IMTN IMTN Rack 15-B 07/02/2020 1 384.3 GAL 32284 03/05/2025 07/09/2024 75 06/24/2024 Books
Designed & Maintained by: LRC IMT Nagpur Contact: lrc@imtnag.ac.in© 2024. All Rights Reserved.